Visualizzazione normale
Vista MARC
- Manns Patricio
di Personal Name
Records bibliografici associati: 1
001 - CONTROL NUMBER
- control field: 2721
003 - CONTROL NUMBER IDENTIFIER
- control field: IT-RoPau
005 - DATE AND TIME OF LATEST TRANSACTION
- control field: 20131121115034.0
008 - FIXED-LENGTH DATA ELEMENTS
- fixed length control field: 131121|| aca||aabn | a|a d
040 ## - CATALOGING SOURCE
- Original cataloging agency: IT-RoPau
- Transcribing agency: IT-RoPau
100 ## - HEADING--PERSONAL NAME
- Personal name: Manns Patricio
- Miscellaneous information: Codice autore musica SPICS: 22937
- Relator term: Autore musica
- Name of part/section of a work: Exilada del sur
670 ## - SOURCE DATA FOUND
- Source citation: Work cat.: (IT-RoPau)100835: Parra Violeta 2710, Nueva cancion chilena (La)-Inti-Illimani vol. 2